Religion Quiz

Random Religion or Blitz Quiz

Bible Book by Section Blitz Quiz Stats

 Plays Quiz Updated Nov 16, 2017

Challenge
Share
Tweet
Embed
Score 0/66 Timer 00:30
10 Plays Today
Section Book % Correct
OT - PentateuchGenesis
94.2%
OT - PentateuchExodus
94.2%
OT - PentateuchLeviticus
94.2%
OT - PentateuchNumbers
94.2%
OT - PentateuchDeuteronomy
94.2%
OT - Wisdom and PoetryJob
85.5%
OT - Wisdom and PoetryPsalms
85.5%
OT - Wisdom and PoetryProverbs
85.5%
OT - Wisdom and PoetryEcclesiastes
85.5%
OT - Wisdom and PoetrySong of Songs
85.5%
NT - Gospels and Fifth BookMatthew
82.3%
NT - Gospels and Fifth BookMark
82.3%
NT - Gospels and Fifth BookLuke
82.3%
NT - Gospels and Fifth BookJohn
82.3%
NT - Gospels and Fifth BookActs
82.3%
OT - Historical BooksJoshua
79.8%
OT - Historical BooksJudges
79.8%
OT - Historical BooksRuth
79.8%
OT - Historical Books1 Samuel
79.8%
OT - Historical Books2 Samuel
79.8%
OT - Historical Books1 Kings
79.8%
OT - Historical Books2 Kings
79.8%
OT - Historical Books1 Chronicles
79.8%
OT - Historical Books2 Chronicles
79.8%
OT - Historical BooksEzra
79.8%
OT - Historical BooksNehemiah
79.8%
OT - Historical BooksEsther
79.8%
OT - Major ProphetsLamentations
64.4%
OT - Major ProphetsIsaiah
64.1%
OT - Major ProphetsJeremiah
64.1%
OT - Major ProphetsEzekiel
64.1%
OT - Major ProphetsDaniel
64.1%
NT - Other Epistles & ApocalypseJames
61.4%
Section Book % Correct
NT - Other Epistles & Apocalypse1 Peter
61.4%
NT - Other Epistles & Apocalypse2 Peter
61.4%
NT - Other Epistles & Apocalypse1 John
61.4%
NT - Other Epistles & Apocalypse2 John
61.4%
NT - Other Epistles & Apocalypse3 John
61.4%
NT - Other Epistles & ApocalypseJude
61.4%
NT - Other Epistles & ApocalypseRevelation
61.4%
OT - Minor ProphetsHosea
58.6%
OT - Minor ProphetsJoel
58.6%
OT - Minor ProphetsAmos
58.6%
OT - Minor ProphetsObadiah
58.6%
OT - Minor ProphetsJonah
58.6%
OT - Minor ProphetsMicah
58.6%
OT - Minor ProphetsNahum
58.6%
OT - Minor ProphetsHabakkuk
58.6%
OT - Minor ProphetsZephaniah
58.6%
OT - Minor ProphetsHaggai
58.6%
OT - Minor ProphetsZechariah
58.6%
OT - Minor ProphetsMalachi
58.6%
NT - Pauline EpistlesGalatians
56.1%
NT - Pauline EpistlesRomans
56.1%
NT - Pauline Epistles1 Corinthians
56.1%
NT - Pauline Epistles2 Corinthians
56.1%
NT - Pauline EpistlesEphesians
56.1%
NT - Pauline EpistlesPhilippians
56.1%
NT - Pauline EpistlesColossians
56.1%
NT - Pauline Epistles1 Thessalonians
56.1%
NT - Pauline Epistles2 Thessalonians
56.1%
NT - Pauline EpistlesHebrews*
56.1%
NT - Pauline Epistles1 Timothy
56.1%
NT - Pauline Epistles2 Timothy
56.1%
NT - Pauline EpistlesTitus
56.1%
NT - Pauline EpistlesPhilemon
56.1%

You're not logged in!

Compare scores with friends on all Sporcle quizzes.
Join for Free
OR
Log In

You Might Also Like...

Show Comments

Extras

Top Quizzes Today


Score Distribution

Your Account Isn't Verified!

In order to create a playlist on Sporcle, you need to verify the email address you used during registration. Go to your Sporcle Settings to finish the process.

Report this User

Report this user for behavior that violates our Community Guidelines.

Details: